000 00331nam a2200133Ia 4500
008 221007s9999 xx 000 0 und d
020 _a3945
041 _aeng
082 _a004.1
_bZAC
100 _aZacker C
_996870
245 _aPC hardware - complete reference
260 _c2005
_bTata Mcgraw Hill
_aNew Delhi
906 _bGeneral
999 _c61319
_d61319